El Código Civil y Comercial y la legalidad sustantiva argentina (Registro nro. 17685)

Detalles MARC
000 -LEADER
fixed length control field 00341 a2200109 4500
001 - CONTROL NUMBER
control field ART_49912
005 - DATE AND TIME OF LATEST TRANSACTION
control field 20260410161729.0
008 - FIXED-LENGTH DATA ELEMENTS--GENERAL INFORMATION
fixed length control field 260409a
100 1# - MAIN ENTRY--PERSONAL NAME
Personal name Caramelo, Gustavo
245 10 - TITLE STATEMENT
Title El Código Civil y Comercial y la legalidad sustantiva argentina
773 0# - HOST ITEM ENTRY
Title Lecciones y ensayos
Related parts - Nº 98 (jun. 2017)
Record control number REV2658

No hay ítems disponibles.